000 00838nas a2200253 4500
001 BR7310397
003 BR-BrBNA
005 20231205082700.0
007 ta
008 230509b bl.|||p| |||| 00| 00por d
040 _aBR-BrBNA
_bpor
_cBiblioteca Nacional de Agricultura
041 _a(Pt)
072 _aL40
100 1 _aSilva, M.
100 1 _aMagalhaes, M.J.
100 1 _aLima, T.G.
245 1 _aCaracterizacao histoquimica de mucopolissacarideos nas glandulas e celulas caliciformes duodenais de gato (Felis domestica)
650 _aESTRUTURA ANIMAL
650 _aGATO
650 _aHISTOQUIMICA
773 0 _tArquivos da Escola de Veterinaria da Universidade Federal de Minas Gerais (Brazil)
_xISSN 0365-8384
_g(1973), v. 25(2) p. 117-120
_wBR7310397
909 _a202311
_bLúcia
_c55
_dLúcia Elande
942 _2AGRIS
_n0
_cANA
999 _c93659
_d93659